| 000 | 00429cam a2200169ua 4500 | ||
|---|---|---|---|
| 020 | _c220.00 | ||
| 041 |
_aeng _h |
||
| 082 |
_a535.84 _bSUG/MO |
||
| 100 | _aSugumar, Wilfred R . | ||
| 245 |
_aMolecular and atomic spectroscopy / _cR Wilfred Sugumar. _hTextual Documents |
||
| 260 |
_aChennai : _bMJP Publishers , _c2008. |
||
| 300 | _a ; . | ||
| 365 | _a220.00 | ||
| 504 | _a | ||
| 942 | _cBK | ||
| 999 |
_c13456 _d13456 |
||